000 nam a22 a 4500
999 _c3618
_d3618
005 20170523122528.0
008 170523s1978 enkak | 001 | eng d
020 _a 0712109528 (pbk)
040 _aAKMAL
082 _a658.848 WHI
090 _a658.848
_bWHI
100 _aWhiting, D. P.
_d1926-
_97169
245 _aInternational trade and payments
_cD.P. Whiting.
260 _aPlymouth
_bMacdonald and Evans
_c1978.
300 _ax,145p. :
_b2 ill., forms ;
_c22 cm
500 _a Includes index.
650 _aExport marketing.
_94764
942 _2ddc
_cBOOK